000 00282nam a2200109Ia 4500
008 220204s9999 xx 000 0 und d
082 _a547.454
_bHAR
245 0 _aCell surface carbohydrate chemistry
260 _aNew York
_bAcademic
_c1978
700 _aHarmon, Robert E
942 _cBK
999 _c33368
_d33368